=LDR 00000nam 2200000 4500 =001 INLIS000000000020057 =005 20130612115041 =008 ***********************************Ind** =035 ##$$a0010-061300000020057 =041 ##$$a Ind =082 ##$$a 495.6 =090 ##$$a 495.6, Gil b =100 ##$$a Gilhooly, Helen =245 ##$$a Belajar mandiri bahasa jepang untuk pemula, oleh Helen Golhooly ; alih bahasa, Agustina Reni =260 ##$$a 2003 $b Jakarta =300 ##$$a xxi, 303 hlm, ilus, 20 cm =650 ##$$a Bahasa Jepang =850 ##$$a NBPNMAT =990 ##$$a 0001/BPAP-NTB/20142014